000 01849nam0a22003491 4500
001 v19\rc\1723951
005 20250619054341.0
035 _a(NLR Aleph) 004844219
090 _a4854314
_c4854314
100 _a20061002e19011902|||y0rusy50 ca
101 0 _arus
102 _aRU
105 _ay z |||||
200 1 _aСуточный ход облачности в Иркутске и Сагастыре
_fДембинский-Пьер[!]
210 _a[Санкт-Петербург]
_cтип. Имп. Акад. наук
_dценз. 1901
215 _a10 с.
_d24
300 _aЗагл. на рус. и фр. яз.; рез. на фр. яз.
309 _aБез тит. л. и обл.
311 _aОтт. из "Сб. тр. Каб. физ. географии Имп. С.-Петерб. ун-та", изд. под ред. А. Воейкова. Спб., 1902. Вып. 2. С. 93-102
488 0 _12001#$aСборник трудов Кабинета физической географии Императорского Санкт-Петербургского университета, изд. под редакцией А. Воейкова$eВып. 2
_1210##$aСанкт-Петербург$d1902
_1215##$aС. 93-102
_1702#1$aВоейков$bА.$4340
_tСборник трудов Кабинета физической географии Императорского Санкт-Петербургского университета, изд. под редакцией А. Воейкова
700 1 _aДембинский-Пиоро
790 1 _aПиоро
790 1 _aДембинский-Пьер[!]
790 1 _aПьер[!]
801 0 _aRU
_bNLR
_gpsbo
801 0 _aRU
_bRuMoRGB
_2psbo
801 1 _aRU
_bProSoft-M
_2rusmarc
852 _aNLR
_j34.52.5.1
899 _aRuMoRGB
_jU 25/725
899 _aБАН
942 _cBOOK
980 _aNB